[Event "GER-chT U16"]
[Site "Bingen"]
[Date "2008.12.27"]
[Round "2.4"]
[White "Masalsky, Nicolai"]
[Black "Grieb, Tobias"]
[Result "1/2-1/2"]
[WhiteElo "1438"]
[BlackElo "1315"]
[PlyCount "35"]
[EventDate "2008.12.27"]
[EventType "team-swiss"]
[EventRounds "7"]
[EventCountry "GER"]
[SourceTitle "EXT 2010"]
[Source "ChessBase"]
[SourceDate "2010.11.25"]
[SourceVersion "1"]
[SourceVersionDate "2010.11.25"]
[SourceQuality "1"]
[WhiteTeam "Paderborn Schachfreunde 2000 U16"]
[BlackTeam "Gau Algesheim U16"]
[WhiteTeamCountry "GER"]
[BlackTeamCountry "GER"]

1. e4 e6 2. Nf3 d5 3. Nc3 dxe4 4. Nxe4 Nc6 5. d4 b6 6. Bb5 Bb7 7. Ne5 Qd5 8. Qf3 f6 9. Nxf6+ Nxf6 10. Qxd5 Nxd5 11. Nxc6 a6 12. c4 axb5 13. cxd5 exd5 14. Ne5 Bd6 15. 0-0 0-0 16. Re1 Rfe8 17. Bf4 Ra4 18. Nd3 1/2-1/2

[Event "GER-chT U16"]
[Site "Greifswald"]
[Date "2003.12.27"]
[Round "2.4"]
[White "Grieb, Tobias"]
[Black "Schneider, Olaf"]
[Result "0-1"]
[WhiteElo "973"]
[BlackElo "1410"]
[PlyCount "74"]
[EventDate "2003.12.27"]
[EventType "team-swiss"]
[EventRounds "7"]
[EventCountry "GER"]
[SourceTitle "EXT 2022"]
[Source "ChessBase"]
[SourceDate "2021.10.06"]
[SourceVersion "1"]
[SourceVersionDate "2021.10.06"]
[SourceQuality "1"]
[WhiteTeam "Gau Algesheim U16"]
[BlackTeam "Kuppenheim Rochade U16"]
[WhiteTeamCountry "GER"]
[BlackTeamCountry "GER"]

1. e4 e5 2. Nf3 Nf6 3. Bc4 Nc6 4. Ng5 d5 5. exd5 b5 6. Nxf7 Kxf7 7. dxc6+ bxc4 8. 0-0 Qd5 9. Qe2 Bd6 10. d3 Ba6 11. b3 cxd3 12. cxd3 Bxd3 13. Qd1 Bxf1 14. Qxf1 Qd4 15. Qc4+ Qxc4 16. bxc4 Rhd8 17. Nc3 Bb4 18. Bb2 Rd2 19. Rb1 Rad8 20. g3 Bxc3 21. Bxc3 Rd1+ 22. Rxd1 Rxd1+ 23. Kg2 Rc1 24. Bxe5 Rxc4 25. Bxc7 Rxc6 26. Be5 Ra6 27. Kh3 Rxa2 28. f4 a5 29. g4 a4 30. g5 Nd5 31. f5 a3 32. Kg3 Rc2 33. h4 g6 34. Kg4 Rc4+ 35. Kg3 a2 36. fxg6+ hxg6 37. Kh3 Nc3 0-1